000 00293nam a22001457a 4500
003 SGT
082 _a658.15,BRU
100 _aBRUNER,ROBERT F
245 _aCASE STUDIES IN FINANCE
250 _a4TH
260 _aNEW DELHI
_bTMH
_c2004
300 _a698
650 _aFINANCE
942 _2ddc
_cBK
999 _c9658
_d9658